Status of blue swimmer crab (portunus spp.) fishing in changhoan and kep thmey fisheries community, kampot province, ស្ថានភាពនៃការនេសាទក្ដាមសេះនៅក្នុងសហគមន៍នេសាទចង្ហោន និងសហគមន៍នេសាទកែបថ្មី ខេត្តកំពត. (Record no. 3957)

000 -LEADER
fixed length control field 00753nam a22001577a 4500
003 - CONTROL NUMBER IDENTIFIER
control field OSt
005 - DATE AND TIME OF LATEST TRANSACTION
control field 20151203163008.0
008 - FIXED-LENGTH DATA ELEMENTS--GENERAL INFORMATION
fixed length control field 151203b xxu||||| |||| 00| 0 eng d
040 ## - CATALOGING SOURCE
Transcribing agency RUA
082 ## - DEWEY DECIMAL CLASSIFICATION NUMBER
Classification number FIS CHH 2008 B179 Or.1
100 ## - MAIN ENTRY--PERSONAL NAME
9 (RLIN) 4241
Personal name CHHOM VICHAR; ឆុំ វិចារ
245 ## - TITLE STATEMENT
Title Status of blue swimmer crab (portunus spp.) fishing in changhoan and kep thmey fisheries community, kampot province, ស្ថានភាពនៃការនេសាទក្ដាមសេះនៅក្នុងសហគមន៍នេសាទចង្ហោន និងសហគមន៍នេសាទកែបថ្មី ខេត្តកំពត.
260 ## - PUBLICATION, DISTRIBUTION, ETC. (IMPRINT)
Place of publication, distribution, etc. Phnom Penh
Name of publisher, distributor, etc. RUA
Date of publication, distribution, etc. 2008
300 ## - PHYSICAL DESCRIPTION
Extent xi; 46p.
Other physical details ill.
Dimensions 29cm.
942 ## - ADDED ENTRY ELEMENTS (KOHA)
Source of classification or shelving scheme
Koha item type FIS
Holdings
Price effective from Date last seen Permanent Location Not for loan Date acquired Source of classification or shelving scheme Koha item type Lost status Withdrawn status Date last checked out Total Checkouts Shelving location Damaged status Barcode Current Location Full call number
2015-12-032015-12-03Library Block B 2015-12-03 FIS    B179 RUA043018Library Block BFIS CHH 2008 B179 Or.1
2015-12-032022-11-25Library Block B 2015-12-03 FIS  2022-11-021B179 RUA019626Library Block BFIS CHH 2008 B179 Or.2
2015-12-032015-12-03Library Block B 2015-12-03 FIS    B179 RUA019770Library Block BFIS CHH 2008 B179 Or.3
2015-12-032016-12-19Library Block B 2015-12-03 FIS  2016-11-222B179 RUA019996Library Block BFIS CHH 2008 B179 Or.4
2015-12-032015-12-03Library Block B 2015-12-03 FIS    B179 RUA011171Library Block BFIS CHH 2008 B179 Or.5
2015-12-032015-12-03Library Block B 2015-12-03 FIS    B179 RUA011436Library Block BFIS CHH 2008 B179 Or.6
2015-12-032015-12-03Library Block B 2015-12-03 FIS    B179 A32889Library Block BFIS CHH 2008 B179 Or.7
2016-02-032016-02-03Library Block B 2016-02-03 FIS      RUA028866Library Block BFIS CHH 2008 B179 Or.8
មជ្ឈមណ្ឌលឯការនៃសាកលវិទ្យាល័យភូមិន្ទកសិកម្មចំការដូង

Powered by Koha